000 01104cad a22002775a 4500
001 E151044
008 100927s2009 xxk f 100 0 eng d
020 _a9781842195192
035 _a(Sirsi) u151044
041 0 _aeng
100 1 _aAbdul-Aziz, Abdul-Rashid
111 2 _aConstruction and Building Research Conference
_cUniversity of Cape Town
_d10-11 September 2009
245 0 0 _aInternational expansion of quantity surveying consultants from developing economies: the case of Malaysia
_h[electronic resource]
260 _aLondon
_bRICS
_c2009
520 _aA paper presented at the COBRA Conference in Cape Town on 10-11 September 2009.
590 _aKA
650 2 4 _aCONSTRUCTION AND BUILDING RESEARCH CONFERENCE (COBRA)
651 4 _aMalaysia
_y1965-
690 _aQuantity surveying
_96263
700 1 _aJaafar, Mastura
700 1 _aPengiran, David-Ngau
700 1 _aHj-Nuruddin, Azlan-Raofuddin
700 1 _aYoke-Mui, Lim
856 4 0 _uhttps://www.rics.org/site/scripts/download_info.aspx?fileID=5003&categoryID=524
_zView the item free of charge at www.rics.org
942 _n0
999 _c111109
_d111109